000 00773nam a2200241 a 4500
001 000000040
005 20200929145301.0
008 081204s2000 dr a 001 0 spa d
020 _a9945160311
020 _a9789945160314
040 _aDO-SdBNP
_bspa
_cBNPHU
082 _a617.54
_bP515a
100 1 _aPeynado Castillo, Héctor Rafael
_9165
245 1 0 _aApuntes de cirugía general, torácica y abdominal /
_cHéctor R. Peynado C.
260 _aSanto Domingo :
_bBúho,
_c2000.
300 _a450 p. :
_bil. ;
_c23 cm.
500 _aIncluye datos biográficos del autor
590 _aInventariado,2018/DG
650 4 _aTórax
_xCirugía
_9166
650 4 _aCirugía del abdomen
_9167
650 4 _aMedicina
_xCirugía
_9168
910 _aValidado. Control de calidad MMOLINA
999 _c40
_d40